000 00436nam a22001817a 4500
999 _c6170
_d6168
005 20210826133807.0
008 200319b xxu||||| |||| 00| 0 eng d
020 _a9788123923895
041 _aeng
082 _a615.1
100 _aNARAYANA, P SURESH
_95315
245 _aTEXTBOOK OF PHARMACOGNOSY (vol-II)
250 _a1st, Ed.
260 _aNEW DELHI
_bCBS
_c2019
300 _a539p;vii
650 _aPHARMACY
_96744
942 _cBK